000 00928nam a2200265 i 4500
001 bg
100 1 _aBANACH-PASZKIEWICZ, Halina.
245 1 0 _aEkonomika inżynierska z kosztorysowaniem w budownictwie drogowym /
_cHalina Banach-Paszkiewicz, Andrzej Szplit.
260 _aKielce :
_bWydaw. PŚ,
_c1998.
300 _a85 s. ;
_c24 cm.
490 1 _aSkrypty Uczelniane Politechniki Świętokrzyskiej,
_x0239-6386 ;
_vnr 332
504 _aBibliogr. s. 85.
650 9 _aDrogi
_xbudownictwo
_xfinanse
650 9 _aKalkulacja kosztów
_xbudownictwo
650 9 _aPrzedsiębiorstwo
_xfinanse
650 9 _aBudownictwo
_xkoszty
655 _aPodręczniki akademickie
700 1 _aSZPLIT, Andrzej.
830 _aSkrypty Uczelniane Politechniki Świętokrzyskiej,
_x0239-6386 ;
040 _cBPK
041 0 _apl
080 _a625.7/.8:657.47:658.14/.17](075.8)
942 _cKS
008 s pl f |000 0 pol
999 _c37782
_d37782
856 _uhttp://koha.tu.koszalin.pl/cgi-bin/koha/opac-detail.pl?biblionumber=37782
_yKatalog online BPK